Ηλεκτρονικά μουσεία : η τέχνη στο διαδίκτυο και το μουσείου του Λούβρου ; διπλωματική εργασία
Αποθηκεύτηκε σε:
| Κύριος συγγραφέας: | |
|---|---|
| Συγγραφή απο Οργανισμό/Αρχή: | |
| Μορφή: | Thesis Βιβλίο |
| Γλώσσα: | Greek |
| Δημοσίευση: |
Χίος :
Πανεπιστήμιο Αιγαίου, Τμήμα Διοίκησης Επιχειρήσεων,
2010.
|
| Θέματα: | |
| Διαθέσιμο Online: | http://hdl.handle.net/11610/6494 |
| Ετικέτες: |
Προσθήκη ετικέτας
Δεν υπάρχουν, Καταχωρήστε ετικέτα πρώτοι!
|
MARC
| LEADER | 00000cam a2200000 i 4500 | ||
|---|---|---|---|
| 001 | 1/7820 | ||
| 008 | 100526s2010 gr | ||| |||| ||gre|| | ||
| 035 | |l 10108006 | ||
| 040 | |a GR-MY-UA |b gre |e aacr | ||
| 041 | 0 | |a gre | |
| 082 | 0 | |a 069 |2 (22) | |
| 100 | 1 | |a Κάσδαγλη, Ασημίνα. | |
| 245 | 1 | 0 | |a Ηλεκτρονικά μουσεία : |b η τέχνη στο διαδίκτυο και το μουσείου του Λούβρου ; διπλωματική εργασία / |c Κάσδαγλη Ασημίνα ; επιβλέπων Κουφοδόντης Ιάσων. |
| 260 | |a Χίος : |b Πανεπιστήμιο Αιγαίου, Τμήμα Διοίκησης Επιχειρήσεων, |c 2010. | ||
| 300 | |a 65 σ. ; |c 30 εκ. | ||
| 502 | |a Διατριβή (μεταπτυχιακή) – Πανεπιστήμιο Αιγαίου, Χίος, 2010. | ||
| 504 | |a Βιβλιογραφία: σ. 62-64. | ||
| 610 | 2 | 0 | |a Musée du Louvre. |
| 650 | 0 | 0 | |a Virtual museums. |
| 650 | 0 | 0 | |a Database design. |
| 650 | 0 | 0 | |a Dissertations, Academic |z Greece. |
| 700 | 1 | |a Κουφοδόντης, Νικόλαος-Ιάσονας, |e dgs | |
| 710 | 2 | |a Πανεπιστήμιο Αιγαίου |b Σχολή Επιστημών της Διοίκησης |b Τμήμα Διοίκησης Επιχειρήσεων |b Πρόγραμμα Μεταπτυχιακών Σπουδών "Σχεδιασμός, Διοίκηση και Πολιτική του Τουρισμού". | |
| 852 | |a INST |b CHIOS |c DIATR |e 20100526 |h 069 ΚΑΣ |p 005200029356 |q 005200029356 |t MTXE |y 23 | ||
| 852 | |a INST |b CHIOS |c DIATR |e 20100526 |h 069 ΚΑΣ |p 005200029357 |q 005200029357 |t MTXE |y 23 | ||
| 856 | |u http://hdl.handle.net/11610/6494 | ||
| 901 | |a BIBL2-2010-2 | ||
| 909 | |a Χ |b 148311 | ||
| 909 | |a Χ |b 148312 | ||
| 924 | |a ΚΑΣΔΑΓΛΗ |b ΑΣΗΜΙΝΑ |y Χίος |z 2010-03 | ||
| 970 | |a ΔΕΣΠΟΙΝΑ |b ΑΤΣΑΛΗ |z 2010/05/26 | ||